000 00212 a2200097 4500
001 32163
100 _aBoyce, Jim
245 _aUpgrading PCs Illustrated
260 _aN Delhi
_bPHI
_c1997
090 _c21609
_d21609
942 _aNUST-CAE
_cM
_c12902
999 _c267236
_d267236